NHL Players with 80 point seasons since 2010 - Statistics

General Stats
  • This quiz has been taken 974 times
    786 since last reset
  • The average score is 40 of 56
Answer Stats
Answer No. Best Team(s) Country % Correct
Alexander Ovechkin 5 109 Washington Capitals Russia
99%
Sidney Crosby 7 109 Pittsburgh Penguins Canada
99%
Connor McDavid 4 116 Edmonton Oilers Canada
98%
Patrick Kane 5 110 Chicago Blackhawks USA
98%
Nikita Kucherov 4 128 Tampa Bay Lightning Russia
96%
Steven Stamkos 5 98 Tampa Bay Lightning Canada
96%
Brad Marchand 4 100 Boston Bruins Canada
94%
Evgeni Malkin 2 109 Pittsburgh Penguins Russia
93%
Nathan MacKinnon 3 99 Colorado Avalanche Canada
91%
Claude Giroux 4 102 Philadelphia Flyers Canada
90%
John Tavares 4 88 New York Islanders/Toronto Maple Leafs Canada
90%
Daniel Sedin 2 104 Vancouver Canucks Sweden
89%
Henrik Sedin 3 112 Vancouver Canucks Sweden
89%
David Pastrnak 3 95 Boston Bruins Czech Republic
88%
Leon Draisaitl 2 110 Edmonton Oilers Germany
88%
Artemi Panarin 3 95 Columbus Blue Jackets/NY Rangers Russia
86%
Jamie Benn 2 89 Dallas Stars Canada
85%
Anze Kopitar 2 92 Los Angeles Kings Slovenia
84%
Nicklas Backstrom 2 101 Washington Capitals Sweden
83%
Brayden Point 1 92 Tampa Bay Lightning Canada
82%
Mitchell Marner 1 94 Toronto Maple Leafs Canada
82%
Phil Kessel 4 92 Toronto Maple Leafs/Pittsburgh Penguins USA
81%
Aleksander Barkov 1 96 Florida Panthers Finland
80%
Auston Matthews 1 80 Toronto Maple Leafs USA
80%
Corey Perry 2 98 Anaheim Ducks Canada
80%
Tyler Seguin 2 84 Dallas Stars Canada
80%
Joe Thornton 2 89 San Jose Sharks Canada
79%
Johnny Gaudreau 2 99 Calgary Flames USA
78%
Mikko Rantanen 2 87 Colorado Avalanche Finland
78%
Blake Wheeler 2 91 Winnipeg Jets USA
77%
Ryan Getzlaf 1 87 Anaheim Ducks Canada
77%
Taylor Hall 2 93 Edmonton Oilers/New Jersey Devils Canada
77%
Jonathan Toews 1 81 Chicago Blackhawks Canada
74%
Ilya Kovalchuk 2 85 New Jersey Devils/Atlanta Thrashers Russia
71%
Jonathan Huberdeau 1 92 Florida Panthers Canada
70%
Martin St. Louis 2 99 Tampa Bay Lightning Canada
69%
Erik Karlsson 1 82 Ottawa Senators Sweden
67%
Sebastian Aho 1 83 Carolina Hurricanes Finland
67%
Mark Scheifele 2 84 Winnipeg Jets Canada
65%
Patrick Marleau 1 83 San Jose Sharks Canada
65%
Jakub Voracek 2 85 Philadelphia Flyers Czech Republic
59%
Evgeny Kuznetsov 1 83 Washington Capitals Russia
58%
Brent Burns 1 83 San Jose Sharks Canada
57%
Jarome Iginla 1 86 Calgary Flames Canada
56%
Mathew Barzal 1 85 New York Islanders Canada
56%
Henrik Zetterberg 1 80 Detroit Red Wings Sweden
55%
Teemu Selanne 1 80 Anaheim Ducks Finland
55%
Jack Eichel 1 82 Buffalo Sabres USA
54%
Jason Spezza 1 84 Ottawa Senators Canada
37%
Sean Monahan 1 82 Calgary Flames Canada
37%
Marian Gaborik 1 86 New York Rangers Slovakia
34%
Alexander Semin 1 84 Washington Capitals Russia
29%
Dany Heatley 1 82 San Jose Sharks Canada
25%
Zach Parise 1 82 New Jersey Devils USA
22%
Brad Richards 1 91 Dallas Stars Canada
18%
James Neal 1 81 Pittsburgh Penguins Canada
18%
No matching quizzes found
Score Distribution
Percent of People with Each Score
Percentile by Number Answered
Your Score History
You have not taken this quiz since the last reset